| 000 | 00551cam a2200217ua 4500 | ||
|---|---|---|---|
| 001 | 10361 | ||
| 005 | 20260515114620.0 | ||
| 008 | 180618n xxu |||gr||||Z||||||eng | ||
| 020 | _a9780199536986 | ||
| 040 | _cMAIN | ||
| 041 | _aeng | ||
| 082 | _a823 | ||
| 100 |
_aFielding, Henry, _eAuthor. |
||
| 245 |
_aJoseph Andrews and Shamela _cBy Henry Fielding |
||
| 260 |
_aNew York: _bOxford, _c2008. |
||
| 300 | _a420p. | ||
| 653 | _aEnglish fiction | ||
| 700 |
_aBrooks Davies, Douglas, _eEditor. |
||
| 700 |
_aKeymer, Thomas, _eAuthor. |
||
| 942 | _cBK | ||
| 999 |
_c9342 _d9342 |
||